| 000 | 00413nam a2200157Ia 4500 | ||
|---|---|---|---|
| 008 | 230711s9999||||xx |||||||||||||| ||und|| | ||
| 041 | _aENG | ||
| 082 |
_a624 _bSH-G |
||
| 100 | _aMathur,M.L | ||
| 245 | 0 | _aGas turbines and jet and rocket propulsion | |
| 250 | _a2nd Ed. | ||
| 260 |
_c1988 _aNew Delhi _bStandard Publishing Distributors |
||
| 650 | _aMechanical Engineering | ||
| 700 | _aSharma,R.P | ||
| 942 | _cBK | ||
| 999 |
_c2554 _d2554 |
||